[Event "Australian op"]
[Site "Manly Sydney"]
[Date "2009.01.11"]
[Round "11"]
[White "Hu, Jason"]
[Black "Sales, Jesse Noel"]
[Result "1-0"]
[WhiteElo "2182"]
[BlackElo "2340"]
[PlyCount "81"]
[EventDate "2009.01.02"]
[EventType "swiss"]
[EventRounds "11"]
[EventCountry "AUS"]
[SourceTitle "CBM 128 Extra"]
[Source "ChessBase"]
[SourceDate "2009.03.05"]
[SourceVersion "2"]
[SourceVersionDate "2009.03.25"]
[SourceQuality "1"]

1. d4 c5 2. e3 Nf6 3. Nf3 g6 4. Be2 Bg7 5. 0-0 Qc7 6. c3 b6 7. Ne5 a6 8. Bf3 Ra7 9. b4 d6 10. Nd3 0-0 11. e4 e5 12. bxc5 bxc5 13. dxc5 dxc5 14. Be3 Nbd7 15. c4 Bb7 16. Nc3 Raa8 17. Rc1 Rfc8 18. Nd5 Bxd5 19. cxd5 Qa5 20. Qc2 Nxe4 21. Bxe4 f5 22. Nb2 fxe4 23. Nc4 Qc7 24. Qxe4 Nf6 25. Qd3 Nd7 26. h4 Re8 27. d6 Qc6 28. Na5 Qa4 29. Qd5+ Kh8 30. Nb7 Qxh4 31. Qf7 Nf6 32. Rc4 e4 33. d7 Rf8 34. Qe7 g5 35. d8Q Raxd8 36. Nxd8 Ng4 37. Qd6 Kg8 38. Ne6 Rf5 39. Qb8+ Kf7 40. Nxg5+ Kg6 41. Qe8+ 1-0

[Event "Australian op"]
[Site "Manly Sydney"]
[Date "2009.01.10"]
[Round "10"]
[White "Sales, Jesse Noel"]
[Black "Xie, George Wendi"]
[Result "0-1"]
[WhiteElo "2340"]
[BlackElo "2397"]
[PlyCount "90"]
[EventDate "2009.01.02"]
[EventType "swiss"]
[EventRounds "11"]
[EventCountry "AUS"]
[SourceTitle "CBM 128 Extra"]
[Source "ChessBase"]
[SourceDate "2009.03.05"]
[SourceVersion "2"]
[SourceVersionDate "2009.03.25"]
[SourceQuality "1"]

1. Nf3 d5 2. d4 c6 3. c4 Nf6 4. Nc3 g6 5. cxd5 cxd5 6. Bf4 Bg7 7. e3 0-0 8. Bd3 Nc6 9. h3 Qb6 10. a3 Na5 11. 0-0 Bf5 12. b4 Nc4 13. Bxc4 dxc4 14. Ne5 a5 15. b5 Rac8 16. g4 Be6 17. e4 Nd7 18. Nf3 f6 19. Qc2 h5 20. d5 Bf7 21. gxh5 g5 22. Be3 Qd8 23. Nd4 Nc5 24. h6 Bxh6 25. Nf5 Kh7 26. Bxc5 Rxc5 27. Rad1 Rg8 28. f3 Bg6 29. Nd4 Qd6 30. Kg2 Rcc8 31. a4 Qe5 32. Nce2 c3 33. Ng3 Rc4 34. Ndf5 Rb4 35. Rb1 Rc8 36. Ne3 Rc7 37. Rfd1 Rb2 38. Rxb2 cxb2 39. Nc4 g4 40. hxg4 Bc1 41. Rh1+ Kg7 42. d6 Rxc4 43. Qxc4 b1Q 44. Rxc1 Qeb2+ 45. Kh3 Q1xc1 0-1

[Event "Doeberl Cup 46th"]
[Site "Canberra"]
[Date "2008.03.20"]
[Round "2"]
[White "Selnes, Hamish"]
[Black "Sales, Jesse Noel"]
[Result "0-1"]
[WhiteElo "1957"]
[BlackElo "2299"]
[PlyCount "56"]
[EventDate "2008.03.20"]
[EventType "swiss"]
[EventRounds "9"]
[EventCountry "AUS"]
[SourceTitle "CBM 123 Extra"]
[Source "ChessBase"]
[SourceDate "2008.05.06"]
[SourceVersion "1"]
[SourceVersionDate "2008.05.06"]
[SourceQuality "1"]

1. Nf3 d5 2. c4 e6 3. d4 Nf6 4. Nc3 Be7 5. Bg5 h6 6. Bh4 0-0 7. e3 c6 8. Rc1 Nbd7 9. Bd3 dxc4 10. Bxc4 Nd5 11. Bxe7 Qxe7 12. 0-0 Nxc3 13. Rxc3 e5 14. Bb3 exd4 15. exd4 Nf6 16. Re1 Qd6 17. Ne5 Bf5 18. Rg3 Rad8 19. Qe2 Rde8 20. Qe3 Nd5 21. Qf3 f6 22. Qxf5 fxe5 23. Qh5 e4 24. f3 Kh8 25. Rg6 Qf4 26. Bxd5 exf3 27. Rf1 f2+ 28. Kh1 cxd5 0-1

[Event "New South Wales Australia Day op"]
[Site "Cammeray"]
[Date "2008.01.26"]
[Round "4"]
[White "Antic, Dejan"]
[Black "Sales, Jesse Noel"]
[Result "1/2-1/2"]
[WhiteElo "2480"]
[BlackElo "2299"]
[PlyCount "45"]
[EventDate "2008.01.26"]
[EventType "swiss"]
[EventRounds "7"]
[EventCountry "AUS"]
[SourceTitle "EXT 2010"]
[Source "ChessBase"]
[SourceDate "2010.11.25"]
[SourceVersion "1"]
[SourceVersionDate "2010.11.25"]
[SourceQuality "1"]

1. d4 Nf6 2. c4 e6 3. Nf3 c5 4. d5 exd5 5. cxd5 Bd6 6. Nc3 0-0 7. g3 Bc7 8. Bg2 d6 9. 0-0 a6 10. a4 Re8 11. b3 Nbd7 12. Bb2 Rb8 13. Nd2 Nf8 14. e4 Ba5 15. Qc2 b5 16. h3 Ng6 17. Rfe1 Bd7 18. axb5 axb5 19. Nd1 c4 20. bxc4 bxc4 21. Bc3 Bxc3 22. Qxc3 Qc8 23. Ne3 1/2-1/2

[Event "AUS-ch"]
[Site "Parramatta"]
[Date "2008.01.02"]
[Round "1"]
[White "Sales, Jesse Noel"]
[Black "Suttor, Vincent"]
[Result "0-1"]
[WhiteElo "2299"]
[BlackElo "2139"]
[PlyCount "80"]
[EventDate "2008.01.02"]
[EventType "swiss"]
[EventRounds "11"]
[EventCountry "AUS"]
[SourceTitle "CBM 122 Extra"]
[Source "ChessBase"]
[SourceDate "2008.03.04"]
[SourceVersion "1"]
[SourceVersionDate "2008.03.04"]
[SourceQuality "1"]

1. Nf3 Nf6 2. c4 g6 3. Nc3 d6 4. d4 Bg7 5. e4 0-0 6. Be2 c5 7. 0-0 cxd4 8. Nxd4 Nc6 9. Be3 Bd7 10. Qd2 Nxd4 11. Bxd4 Bc6 12. f3 a5 13. b3 Nd7 14. Bxg7 Kxg7 15. Rab1 Nc5 16. Kh1 Bd7 17. Qe3 Rc8 18. Rfd1 Kg8 19. e5 dxe5 20. Rd5 Qc7 21. Rxe5 e6 22. Rd1 b6 23. Rg5 Rfd8 24. Rg4 Bc6 25. Rgd4 Re8 26. Kg1 Qe7 27. R1d2 Qf6 28. Bd1 Qe7 29. Bc2 Qf8 30. Rd6 Qe7 31. Be4 Bxe4 32. Nxe4 Red8 33. Rxb6 Nxe4 34. Rxd8+ Qxd8 35. fxe4 Qd1+ 36. Kf2 Rd8 37. Qf4 Rd2+ 38. Kg3 Rd3+ 39. Qf3 Rxf3+ 40. gxf3 Qg1+ 0-1

[Event "Sydney op"]
[Site "Parramatta"]
[Date "2007.04.14"]
[Round "9"]
[White "Gutierrez Castillo, Paloma"]
[Black "Sales, Jesse Noel"]
[Result "1-0"]
[WhiteElo "2176"]
[BlackElo "2361"]
[PlyCount "149"]
[EventDate "2007.04.10"]
[EventType "swiss"]
[EventRounds "9"]
[EventCountry "AUS"]
[SourceTitle "EXT 2023"]
[Source "ChessBase"]
[SourceDate "2022.10.05"]
[SourceVersion "1"]
[SourceVersionDate "2022.10.05"]
[SourceQuality "1"]

1. e4 Nc6 2. Nf3 e5 3. Bc4 Bc5 4. c3 Bb6 5. Bb3 d6 6. d3 h6 7. Nbd2 Nce7 8. Nf1 Ng6 9. Ng3 Nf6 10. Be3 d5 11. Bxb6 axb6 12. 0-0 0-0 13. exd5 Nxd5 14. d4 exd4 15. Qxd4 Ndf4 16. h3 Qxd4 17. cxd4 c6 18. Rad1 Ra5 19. a3 Rd8 20. Ne5 Nxe5 21. dxe5 Re8 22. Rd4 Ne6 23. Bxe6 Bxe6 24. f4 c5 25. Rd2 Bc4 26. Rc1 Bb5 27. Nf5 Bc6 28. Rc3 Kh7 29. Nd6 Rd8 30. Rf2 Rd7 31. Nc4 Rd1+ 32. Kh2 Ra4 33. Nxb6 Re4 34. Rxc5 h5 35. e6 Rxe6 36. Rxh5+ Kg8 37. Nc4 f6 38. Na5 Bd5 39. Rc2 Ree1 40. f5 Rc1 41. Rd2 Red1 42. Rxd1 Rxd1 43. Rh4 Rd2 44. Rg4 Rc2 45. b3 b5 46. Rg3 Be4 47. a4 Ra2 48. Kg1 Bd5 49. Rd3 Bxg2 50. axb5 Be4 51. Rd8+ Kh7 52. Nc4 Ra1+ 53. Kf2 Bxf5 54. b6 Be4 55. Nd6 Bd5 56. b7 Bxb7 57. Nxb7 Ra2+ 58. Kg3 Kg6 59. Rd3 Kf5 60. Re3 Rd2 61. Nc5 Rb2 62. Nb7 Rd2 63. Na5 g5 64. Nc4 Rd1 65. Kf2 Kg6 66. Ke2 Rb1 67. Kd2 f5 68. Kc2 Rf1 69. Nd2 Rf2 70. b4 g4 71. hxg4 fxg4 72. b5 Kh5 73. b6 Rf7 74. Ne4 Rb7 75. Rb3 1-0

[Event "Doeberl Cup 45th"]
[Site "Canberra"]
[Date "2007.04.07"]
[Round "3"]
[White "Johansen, Darryl Keith"]
[Black "Sales, Jesse Noel"]
[Result "0-1"]
[WhiteElo "2456"]
[BlackElo "2361"]
[PlyCount "48"]
[EventDate "2007.04.06"]
[EventType "swiss"]
[EventRounds "7"]
[EventCountry "AUS"]
[SourceTitle "CBM 117 Extra"]
[Source "ChessBase"]
[SourceDate "2007.05.09"]
[SourceVersion "1"]
[SourceVersionDate "2007.05.09"]
[SourceQuality "1"]

1. c4 e5 2. Nc3 Nf6 3. Nf3 Nc6 4. e4 Bc5 5. Nxe5 Nxe5 6. d4 Bb4 7. dxe5 Nxe4 8. Qd4 f5 9. exf6 Nxf6 10. c5 Qe7+ 11. Be3 Bxc3+ 12. bxc3 b6 13. cxb6 axb6 14. Bd3 0-0 15. 0-0 Bb7 16. Rfe1 Ra5 17. Qc4+ Qf7 18. Qf4 Bxg2 19. Bxh7+ Kxh7 20. Kxg2 Qh5 21. h3 Rf5 22. Qxc7 Rf3 23. Qh2 Nd5 24. Kg1 R8f6 0-1

[Event "Australian Masters-A"]
[Site "Melbourne"]
[Date "2006.12.21"]
[Round "9"]
[White "Stojic, Dusan"]
[Black "Sales, Jesse Noel"]
[Result "1-0"]
[WhiteElo "2204"]
[BlackElo "2347"]
[PlyCount "105"]
[EventDate "2006.12.15"]
[EventType "tourn"]
[EventRounds "11"]
[EventCountry "AUS"]
[SourceTitle "EXT 2010"]
[Source "ChessBase"]
[SourceDate "2010.11.25"]
[SourceVersion "1"]
[SourceVersionDate "2010.11.25"]
[SourceQuality "1"]

1. e4 e6 2. d4 d5 3. e5 c5 4. c3 Ne7 5. a3 a5 6. Nf3 Nec6 7. Be3 b6 8. h4 Ba6 9. Bxa6 Rxa6 10. 0-0 Qd7 11. a4 Be7 12. Bg5 Ra8 13. Na3 Na6 14. Nb5 0-0 15. Re1 Nc7 16. Qe2 h6 17. Bxe7 Nxe7 18. Nd6 Nc8 19. Nxc8 Rfxc8 20. h5 Rf8 21. Nh4 cxd4 22. cxd4 Na6 23. f4 Nb4 24. Qg4 f5 25. exf6 Rxf6 26. Re2 Nc6 27. Nf3 Qd6 28. Rc1 Ne7 29. g3 Nf5 30. Rc3 Qd7 31. b3 Rc8 32. Rec2 Rxc3 33. Rxc3 Kh7 34. Ne5 Qd8 35. Qd1 Nd6 36. Qc2+ Ne4 37. Rc7 Qe8 38. g4 Qf8 39. Nd7 Qd8 40. g5 hxg5 41. Nxf6+ Qxf6 42. fxg5 Qxg5+ 43. Qg2 Qe3+ 44. Kh1 Qe1+ 45. Kh2 Qh4+ 46. Kg1 Ng3 47. Qc2+ Nf5 48. Rb7 Qxd4+ 49. Kh1 Qe3 50. Qg2 Ng3+ 51. Kh2 Nxh5 52. Rf7 Nf4 53. Qxg7# 1-0

[Event "Australian Masters-A"]
[Site "Melbourne"]
[Date "2006.12.18"]
[Round "6"]
[White "Sales, Jesse Noel"]
[Black "Xie, George Wendi"]
[Result "1/2-1/2"]
[WhiteElo "2347"]
[BlackElo "2375"]
[PlyCount "78"]
[EventDate "2006.12.15"]
[EventType "tourn"]
[EventRounds "11"]
[EventCountry "AUS"]
[SourceTitle "EXT 2010"]
[Source "ChessBase"]
[SourceDate "2010.11.25"]
[SourceVersion "1"]
[SourceVersionDate "2010.11.25"]
[SourceQuality "1"]

1. Nf3 c5 2. c4 Nc6 3. d4 cxd4 4. Nxd4 Nf6 5. Nc3 e6 6. g3 Bc5 7. Nb3 Be7 8. Bg2 b6 9. e4 Ba6 10. Nd2 Ne5 11. Qe2 0-0 12. 0-0 Bb4 13. Nb5 Rc8 14. a4 d6 15. b3 Qe7 16. Bb2 Nc6 17. Rab1 Bb7 18. Rfd1 e5 19. Ra1 a6 20. Na3 Na5 21. Qd3 Nd7 22. Ndb1 Nc5 23. Qc2 f5 24. exf5 Bxg2 25. Kxg2 d5 26. Bc3 Nc6 27. cxd5 Nd4 28. Bxd4 exd4 29. Qc4 Rxf5 30. d6+ Qe6 31. Qxe6+ Nxe6 32. Nc4 b5 33. d7 Rd8 34. axb5 axb5 35. Nb2 Bc3 36. Ra2 Bb4 37. Nd3 Be7 38. Nd2 g5 39. Ne4 Kg7 1/2-1/2

[Event "Canberra ANU op"]
[Site "Canberra"]
[Date "2006.07.23"]
[Round "7"]
[White "Rogers, Ian"]
[Black "Sales, Jesse Noel"]
[Result "1-0"]
[WhiteElo "2599"]
[BlackElo "2385"]
[PlyCount "49"]
[EventDate "2006.07.22"]
[EventType "swiss"]
[EventRounds "7"]
[EventCountry "AUS"]
[SourceTitle "EXT 2010"]
[Source "ChessBase"]
[SourceDate "2010.11.25"]
[SourceVersion "1"]
[SourceVersionDate "2010.11.25"]
[SourceQuality "1"]

1. e4 c5 2. Nf3 e6 3. d4 cxd4 4. Nxd4 Nc6 5. Nc3 Qc7 6. Be2 Nf6 7. 0-0 a6 8. Be3 d6 9. Kh1 Be7 10. f4 0-0 11. Qe1 Re8 12. Qg3 Bd7 13. e5 dxe5 14. fxe5 Nxe5 15. Bh6 g6 16. Bf4 Bd6 17. Rad1 Rac8 18. Nb3 Nd5 19. Ne4 Nxf4 20. Nxd6 Nxe2 21. Qxe5 Bb5 22. Rxf7 Qxf7 23. Nxf7 Kxf7 24. a4 Bc4 25. Nd2 1-0

[Event "Kuala Lumpur op 2nd"]
[Site "Kuala Lumpur"]
[Date "2005.08.23"]
[Round "6"]
[White "Tirto"]
[Black "Sales, Jesse Noel"]
[Result "1-0"]
[WhiteElo "2370"]
[BlackElo "2340"]
[PlyCount "65"]
[EventDate "2005.08.20"]
[EventType "swiss"]
[EventRounds "11"]
[EventCountry "MAS"]
[SourceTitle "CBM 108 Extra"]
[Source "ChessBase"]
[SourceDate "2005.11.04"]
[SourceVersion "1"]
[SourceVersionDate "2005.11.04"]
[SourceQuality "1"]

1. e4 c5 2. Nf3 e6 3. d4 cxd4 4. Nxd4 a6 5. Bd3 Qc7 6. 0-0 Nc6 7. Nxc6 dxc6 8. f4 h5 9. Nd2 c5 10. a4 Nf6 11. Nc4 Bd7 12. Bd2 b6 13. Ne5 Bc8 14. Qe2 Bb7 15. Bc3 h4 16. Rf3 c4 17. Nxc4 Bc5+ 18. Kh1 Nh5 19. Qe1 Ng3+ 20. Rxg3 hxg3 21. Qxg3 Rg8 22. Qg5 Be7 23. Qe5 Qxe5 24. Bxe5 f6 25. Bd4 g5 26. fxg5 Rxg5 27. Bxb6 f5 28. Re1 Rc8 29. b3 e5 30. Re2 f4 31. Na5 Ba8 32. Nc4 Rc6 33. Ba7 1-0

[Event "PHI-ch"]
[Site "Quezon City"]
[Date "2001.04.03"]
[Round "2"]
[White "Laylo, Darwin"]
[Black "Sales, Jesse Noel"]
[Result "1-0"]
[WhiteElo "2383"]
[BlackElo "2328"]
[PlyCount "85"]
[EventDate "2001.04.02"]
[EventType "tourn"]
[EventRounds "11"]
[EventCountry "PHI"]
[EventCategory "7"]
[SourceTitle "CBM 081 Extra"]
[Source "ChessBase"]
[SourceDate "2001.05.06"]
[SourceVersion "1"]
[SourceVersionDate "2001.05.06"]
[SourceQuality "1"]

1. d4 Nf6 2. c4 c5 3. e3 g6 4. Nc3 Bg7 5. Nf3 0-0 6. Be2 cxd4 7. exd4 d5 8. 0-0 Nc6 9. c5 Ne4 10. Be3 Be6 11. Qa4 f5 12. Bf4 Bf7 13. Rfd1 h6 14. Bb5 Qc8 15. Bxc6 bxc6 16. Be5 Bf6 17. Ne2 g5 18. Rac1 Qd7 19. Ne1 g4 20. Nd3 Kh7 21. Nef4 Rg8 22. Rc2 Qb7 23. Qa5 h5 24. b4 a6 25. a4 Qd7 26. Qb6 h4 27. b5 axb5 28. axb5 cxb5 29. c6 Qe8 30. Qxb5 g3 31. hxg3 hxg3 32. f3 Nd6 33. Qc5 Nc4 34. Bxf6 Ne3 35. Re1 Nxc2 36. Qxc2 e6 37. Be5 Qf8 38. Ne2 Qh6 39. Nxg3 Qh4 40. Qf2 Ra3 41. Ne4 Qxf2+ 42. Nexf2 Rc3 43. c7 1-0